Электромагнитная совместимость устройств силовой электроники (Запись № 11585709)
[ простой вид ]
| 000 -МАРКЕР | |
|---|---|
| контрольное поле | 02970nam0a2200361 4500 |
| 001 - ИДЕНТИФИКАТОР ЗАПИСИ | |
| контрольное поле | RU\NLR\BIBL_A\011416172 |
| 005 - ИДЕНТИФИКАТОР ВЕРСИИ | |
| контрольное поле | 20260407202042.0 |
| 010 ## - МЕЖДУНАРОДНЫЙ СТАНДАРТНЫЙ НОМЕР КНИГИ (ISBN) | |
| Номер (ISBN) | 9785778231344 |
| Тираж | 50 |
| 021 ## - НОМЕР ГОСУДАРСТВЕННОЙ РЕГИСТРАЦИИ | |
| Код страны | Российская Федерация |
| Номер | 2017-39815 |
| Номер Листа государственной регистраци | 2902 |
| 035 ## - ДРУГИЕ СИСТЕМНЫЕ НОМЕРА | |
| Идентификатор записи | (RuMoRGB)008899588 |
| 035 ## - ДРУГИЕ СИСТЕМНЫЕ НОМЕРА | |
| Идентификатор записи | (NLR Aleph) 011416172 |
| 100 ## - ДАННЫЕ ОБЩЕЙ ОБРАБОТКИ | |
| Данные общей обработки | 20170626d2016 km y0rusy50 ca |
| 101 0# - ЯЗЫК РЕСУРСА | |
| Язык текста, звукозаписи и т.д. | русский |
| 102 ## - СТРАНА ПУБЛИКАЦИИ ИЛИ ПРОИЗВОДСТВА | |
| Страна публикации | Российская Федерация |
| 105 ## - ПОЛЕ КОДИРОВАННЫХ ДАННЫХ: ТЕКСТОВЫЕ МАТЕРИАЛЫ, МОНОГРАФИЧЕСКИЕ | |
| Кодированные данные о монографическом текстовом документе | a j 000zy |
| 200 1# - ЗАГЛАВИЕ И СВЕДЕНИЯ ОБ ОТВЕТСТВЕННОСТИ | |
| Основное заглавие | Электромагнитная совместимость устройств силовой электроники |
| Наименование части | Силовые электронные трансформаторы-2 |
| Сведения, относящиеся к заглавию | учебно-методическое пособие для магистрантов I курса РЭФ, направление 11.04.04 "Электроника и наноэлектроника", направленность "Промышленная электроника и микропроцессорная техника" |
| Первые сведения об ответственности | Министерство образования и науки Российской Федерации, Новосибирский государственный технический университет, [Факультет радиотехники и электроники |
| Последующие сведения об ответственности | Зиновьев Г. С. и др.] |
| 210 ## - ПУБЛИКАЦИЯ, РАСПРОСТРАНЕНИЕ И ДР. | |
| Место издания, распространения и т.д. | Новосибирск |
| Имя издателя, распространителя и т. д. | Изд-во НГТУ |
| Дата издания, распространения и т.д. | 2016 |
| 215 ## - ФИЗИЧЕСКАЯ ХАРАКТЕРИСТИКА | |
| Специфическое обозначение материала и объем | 113, [1] с. |
| Другие сведения о физической характеристике | ил. |
| Размеры | 25 |
| 313 ## - ПРИМЕЧАНИЯ, ОТНОСЯЩИЕСЯ К ТЕМАТИЧЕСКОМУ ДОСТУПУ | |
| Текст примечания | Силовые электронные трансформаторы характеризуются высокой динамикой,малыми массой и габаритами, регулируемым коэффициентом преобразования по напряжению, синусоидальными входными и выходными токами, возможностью кондиционировать качество преобразуемой энергии. |
| 320 ## - ПРИМЕЧАНИЯ О НАЛИЧИИ В ДОКУМЕНТЕ БИБЛИОГРАФИИ / УКАЗАТЕЛЯ | |
| Текст примечания | Библиогр. в конце гл. |
| 606 ## - НАИМЕНОВАНИЕ ТЕМЫ КАК ПРЕДМЕТ | |
| Наименование темы | Трансформаторы |
| Формальный подзаголовок | Учебно-методические пособия для высших учебных заведений |
| Системный номер авторитетной/нормативной записи | 904913 |
| Идентификатор авторитетной/нормативной записи | RU\NLR\AUTH\669649 |
| 606 ## - НАИМЕНОВАНИЕ ТЕМЫ КАК ПРЕДМЕТ | |
| Наименование темы | Силовые полупроводниковые приборы |
| Формальный подзаголовок | Учебно-методические пособия для высших учебных заведений |
| Тематический подзаголовок | Электромагнитная совместимость |
| Системный номер авторитетной/нормативной записи | 2159963 |
| Идентификатор авторитетной/нормативной записи | RU\NLR\auth\661299978 |
| 686 ## - ИНДЕКСЫ ДРУГИХ КЛАССИФИКАЦИЙ | |
| Индекс | З261.8-017я73-14 |
| Код системы | |
| 686 1# - ИНДЕКСЫ ДРУГИХ КЛАССИФИКАЦИЙ | |
| Индекс | З264.54-017я73-1 |
| 686 1# - ИНДЕКСЫ ДРУГИХ КЛАССИФИКАЦИЙ | |
| Индекс | З261.8я7 |
| 702 #1 - ИМЯ ЛИЦА - ВТОРИЧНАЯ ОТВЕТСТВЕННОСТЬ | |
| Код отношения | Составитель |
| Графика поля | Кириллица |
| Материалы, к которым относится поле | rus |
| Начальный элемент ввода | Зиновьев |
| Часть имени, кроме начального элемента ввода | Г. С. |
| Даты | 1939- |
| Расширение инициалов личного имени | Геннадий Степанович |
| Системный номер авторитетной/нормативной записи | 66554 |
| Идентификатор авторитетной/нормативной записи | RU\NLR\AUTH\7783626 |
| 712 02 - НАИМЕНОВАНИЕ ОРГАНИЗАЦИИ - ВТОРИЧНАЯ ОТВЕТСТВЕННОСТЬ | |
| Код отношения | Прочие |
| Начальный элемент ввода | Новосибирский государственный технический университет |
| Структурное подразделение | Факультет радиотехники и электроники |
| Системный номер авторитетной/нормативной записи | 762816 |
| Идентификатор авторитетной/нормативной записи | RU\NLR\AUTH\8810133294 |
| 942 ## - ДОПОЛНИТЕЛЬНЫЕ ЭЛЕМЕНТЫ ЗАПИСИ (АБИС) | |
| Тип экземпляра АБИС | Книга |
| 980 ## - КОЛЛЕКЦИЯ | |
| Название коллекции | НБР |
Нет доступных экземпляров.